Heaven is for real (Record no. 114417)

MARC details
000 -LEADER
fixed length control field 00773nam a2200253 i 4500
001 - CONTROL NUMBER
control field C2-0312429
003 - CONTROL NUMBER IDENTIFIER
control field PPAK
005 - DATE AND TIME OF LATEST TRANSACTION
control field 20180728104149.0
008 - FIXED-LENGTH DATA ELEMENTS--GENERAL INFORMATION
fixed length control field 111003s2010 tnua|||| ||||| | eng d
020 ## - INTERNATIONAL STANDARD BOOK NUMBER
International Standard Book Number 9780849946158
040 ## - CATALOGING SOURCE
Original cataloging agency PPAK
Language of cataloging eng
Transcribing agency PPAK
Description conventions rda
082 04 - DEWEY DECIMAL CLASSIFICATION NUMBER
Classification number 133.9013092
Edition number 23
090 00 - LOCALLY ASSIGNED LC-TYPE CALL NUMBER (OCLC); LOCAL CALL NUMBER (RLIN)
Classification number (OCLC) (R) ; Classification number, CALL (RLIN) (NR) 133.9013092
Feature heading BUR
Feature heading G
100 1# - MAIN ENTRY--PERSONAL NAME
Personal name Burpo, Todd,
Relator term author
245 10 - TITLE STATEMENT
Title Heaven is for real
264 #1 - PRODUCTION, PUBLICATION, DISTRIBUTION, MANUFACTURE, AND COPYRIGHT NOTICE
Place of production, publication, distribution, manufacture Nashville :
Name of producer, publisher, distributor, manufacturer Thomas Nelson ,
Date of production, publication, distribution, manufacture, or copyright notice 2010
300 ## - PHYSICAL DESCRIPTION
Extent xxi, 163 pages :
Other physical details illustrations ;
Dimensions 20 cm
336 ## - CONTENT TYPE
Source rdacontent
Content type term text
337 ## - MEDIA TYPE
Source rdamedia
Media type term unmediated
338 ## - CARRIER TYPE
Source rdacarrier
Carrier type term volume
650 10 - SUBJECT ADDED ENTRY--TOPICAL TERM
Topical term or geographic name entry element Heaven - Christianity. ; Burpo, Colton, 1999-. ; Near-death experiences - Religious aspects - Christianity.
700 ## - ADDED ENTRY--PERSONAL NAME
Relator term author
942 ## - ADDED ENTRY ELEMENTS (KOHA)
-- dc
Koha item type Book
Holdings
Withdrawn Not for loan Current library Shelving location Date acquired Total Checkouts Full call number Barcode Date last seen Date last checked out Koha item type
    Perpustakaan Alor Setar Pinjaman Dewasa 11/10/2011   133.9013092 BUR A01361728 09/05/2018   Book
    Perpustakaan Alor Setar Pinjaman Dewasa 11/10/2011   133.9013092 BUR A01361729 09/05/2018   Book
    Perpustakaan Awam Sungai Petani Pinjaman Dewasa 11/10/2011   133.9013092 BUR A01361730 09/05/2018   Book
    Perpustakaan Jitra Pinjaman Dewasa 11/10/2011 1 133.9013092 BUR A01361731 04/05/2021 27/04/2021 Book
    Perpustakaan Kulim Pinjaman Dewasa 11/10/2011 3 133.9013092 BUR A01361732 01/06/2022 18/04/2022 Book